00757 2200181 4500001002100000005001500021035002000036245004800056100002400104250001700128300002800145260003100173082001100204084001700215020002200232650002100254520030000275INLIS00000000000000620240318090950 a0010-03240000061 aAkibat Rasa Iri Lala /cRirin Astutiningrum0 aRirin Astutiningrum acetakan ke-1 a36 hlm :bilus ;c24 cm aSolo :bTiga Ananda,c2017 a398.24 a398.24 RIR a a978-602-366-247-0 4aCerita Bergambar aLala si lalat sedang iri dengan Flea si kupu-kupu.Flea mempunyai sayap yang bagus. Makanan dan tempat hidupnya pun bersih . Lala ingin seperti Flea.Ia ingin menggantikan Flea dalam melakukan penyerbukan tumbuhan. Namun, dapatkah.Lala si lalat melakukannya? Bagaimana pula proses penyerbukan itu?